<The> Productive and economic parameters of the Gemer region agricultural soils
Získané údaje potvrdzujú, že produkčný i ekonomický potenciál poľnohospodárskych pôd Gemera zaraďuje túto oblasť k menej efektívnym agroekosystémom. Štruktúra a kvalitatívne parametre poľnohospodárskych pôd a pestovanie poľnohospodárskych plodín. Vypočítané ekonomické parametre môžu slúžiť k efektív...
Saved in:
| Main Author: | |
|---|---|
| Other Authors: | |
| Format: | Book Chapter |
| Language: | English |
| Subjects: | |
| Tags: |
No Tags, Be the first to tag this record!
|
MARC
| LEADER | 00000naa a2200000 4500 | ||
|---|---|---|---|
| 001 | r046375 | ||
| 005 | 20231004091502.0 | ||
| 041 | 0 | |a eng | |
| 044 | |a CZ | ||
| 245 | 1 | 0 | |a <The> Productive and economic parameters of the Gemer region agricultural soils |c Ondrej Hronec, Jozef Vilček |
| 520 | |a Získané údaje potvrdzujú, že produkčný i ekonomický potenciál poľnohospodárskych pôd Gemera zaraďuje túto oblasť k menej efektívnym agroekosystémom. Štruktúra a kvalitatívne parametre poľnohospodárskych pôd a pestovanie poľnohospodárskych plodín. Vypočítané ekonomické parametre môžu slúžiť k efektívnejšej rajonizácii poľnohospodárskych plodín. | ||
| 610 | 2 | 0 | |a pôda poľnohospodárska |
| 610 | 2 | 0 | |a bonita pôdy |
| 610 | 2 | 0 | |a výroba poľnohospodárska |
| 610 | 2 | 0 | |a plodiny poľné |
| 610 | 2 | 0 | |a rentabilita |
| 610 | 2 | 0 | |a pôdohospodárstvo |
| 610 | 2 | 0 | |a regióny |
| 610 | 2 | 0 | |a Gemer |
| 610 | 2 | 0 | |a rajonizácia |
| 100 | 1 | |a Hronec, Ondrej | |
| 700 | 1 | |a Vilček, Jozef | |